Mais partidas Seleção da França - Statistics

Estatísticas Gerais
  • Esse quiz foi jogado 56 vezes
  • A pontuação média é 6 de 11
Estatísticas das Respostas
Jogos Período Jogador % Correto
108 1994-2006 Zinédine Zidane
92%
123 1997-2010 Thierry Henry
81%
143 2008-presente Hugo Lloris
75%
115 2014-presente Antoine Griezmann
72%
118 2011-presente Olivier Giroud
72%
107 1997-2009 Patrick Vieira
39%
103 1989-2000 Didier Deschamps
33%
116 1993-2004 Marcel Desailly
33%
97 1989-2000 Laurent Blanc
31%
142 1994-2008 Lilian Thuram
31%
97 1992-2004 Bixente Lizarazu
14%
Nenhum quiz correspondente encontrado
Distribuição das Pontuações
Porcentagem de Pessoas com Cada Pontuação
Percentil de Números Respondidos
Sua Pontuação Histórica
Você não jogou esse quiz